| 000 | 01249cam a2200289 4500 | ||
|---|---|---|---|
| 008 | 040329n2004 000 0 eng u | ||
| 020 | _a1859461433 | ||
| 035 | _a(Sirsi) u125643 | ||
| 041 | _aeng | ||
| 050 |
_a725.54 _c18 |
||
| 100 | _aLacey, Andrew | ||
| 245 | _aDesigning for accessibility | ||
| 260 |
_aLondon _bRIBA _c2004 |
||
| 300 |
_a70p. _bill _c30cm. |
||
| 350 | _a20 | ||
| 520 | _aThis good practice guide is based on the 2004 Approved Document M and BS 8300: 2001 in the context of the Disability Discrimination Act 1995 (DDA). Provides chapters on the legislative framework; design guidance for external environment, building layout and fixtures, fittings and services; and building management. Includes lists of organisations and publications. | ||
| 650 | _aDISABILITY DISCRIMINATION ACT 1995 | ||
| 650 | _aBS 8300: 2001 | ||
| 650 | _aDESIGN GUIDANCE | ||
| 650 | _aMANAGEMENT-BUSINESS MANAGEMENT-DISCRIMINATION-DISABILITY DISCRIMINATION-ACCESSIBILITY | ||
| 650 | _aBUILDING REGULATIONS 2000 APPROVED DOCUMENT M (2004 EDITION) | ||
| 650 | _aACCESS TO BUILDINGS | ||
| 690 | _aBUILT ENVIRONMENT-CONSTRUCTION DESIGN | ||
| 710 | _aCentre for Accessible Environments | ||
| 710 |
_aRIBA Enterprises _94631 |
||
| 942 | _n0 | ||
| 999 |
_c103448 _d103448 |
||